000 00955nas a2200289 4500
001 BR2019000457
003 BR-BrBNA
005 20231205131608.0
007 ta
008 230509b bl.|||p| |||| 00| 00por d
040 _aBR-BrBNA
_bpor
_cBiblioteca Nacional de Agricultura
041 _a(En)
072 _aF06; U40
100 1 _aAlface, A.B.
100 1 _aPereira, S.B.
100 1 _aFilgueiras, R.
100 1 _aCunha, F.F.
245 1 _aSugarcane spatial-temporal monitoring and crop coefficient estimation through NDVI
650 _aCANA DE AÇÚCAR
650 _aAGRICULTURA
650 _aIRRIGAÇÃO
650 _aSENSORIAMENTO REMOTO
773 0 _tRevista Brasileira de Engenharia Agrícola e Ambiental (Brazil
_xISSN 1807-1929
_g(May 2019), v. 23(5) p. 330-335
_wBR2019000457
856 4 0 _uhttp://www.scielo.br/pdf/rbeaa/v23n5/1415-4366-rbeaa-23-05-0330.pdf
909 _a202311
_bLúcia
_c55
_dLúcia Elande
942 _2AGRIS
_n0
_cANA
999 _c255632
_d255632